Statistics for Every Country in the 1930s

Click here to take the quiz!

General Stats

  • This quiz has been taken 23 times
  • The average score is 56 of 76

Answer Stats

Answer% Correct
Germany
95%
United Kingdom
95%
Brazil
90%
Canada
90%
France
90%
Mexico
90%
United States
90%
Belgium
86%
China
86%
Haiti
86%
Italy
86%
South Africa
86%
Soviet Union
86%
Spain
86%
Turkey
86%
Venezuela
86%
Australia
81%
Austria
81%
Chile
81%
Colombia
81%
Denmark
81%
Dominican Republic
81%
Ethiopia
81%
Iran
81%
Japan
81%
Luxembourg
81%
Netherlands
81%
Norway
81%
Poland
81%
Portugal
81%
Sweden
81%
Albania
76%
Argentina
76%
Bolivia
76%
Czechoslovakia
76%
Finland
76%
Greece
76%
Hungary
76%
Ireland
76%
Liberia
76%
New Zealand
76%
Peru
76%
Romania
76%
San Marino
76%
Vatican City
76%
Yugoslavia
76%
Andorra
71%
Bulgaria
71%
Costa Rica
71%
Cuba
71%
Ecuador
71%
Guatemala
71%
Honduras
71%
Iceland
71%
Latvia
71%
Liechtenstein
71%
Monaco
71%
Nicaragua
71%
Paraguay
71%
Thailand
71%
Uruguay
71%
Afghanistan
67%
Egypt
67%
El Salvador
67%
Estonia
67%
Lithuania
67%
Panama
67%
Switzerland
62%
Yemen
62%
Iraq
57%
Nepal
57%
Tibet
24%
Danzig
14%
Nejd and Hejaz
14%
Aussa
10%
Hatay
10%

Score Distribution

Percentile by Number Answered

Percent of People with Each Score

Your Score History

You have not taken this quiz